[Event "AUTO-ADV-4749"]
[Site "http://www.queenalice.com/game.php?id=1826203"]
[Date "2023.11.29"]
[Round "1"]
[White "OnlyJoking"]
[Black "NickThorp"]
[Result "1-0"]
[WhiteElo "1945"]
[BlackElo "1598"]

1. d4 d5 2. c4 dxc4 3. Nf3 e6 4. e4 Bb4+ 5. Bd2 Bxd2+ 6. Qxd2 Nf6 7. Nc3 O-O 8.
Bxc4 c5 9. h3 cxd4 10. Qxd4 Qxd4 11. Nxd4 Nc6 12. Nxc6 bxc6 13. O-O Rb8 14. b3
Rb4 15. Rad1 a5 16. Rd2 a4 17. Rfd1 Bd7 18. Nxa4 Rb7 19. Nc5 Rd8 20. Nxb7 Rb8
21. Rxd7 Nxd7 22. Rxd7 Rf8 23. Nd6 h6 24. Rc7 g5 25. a4 Kg7 26. Bxe6 Kf6 27.
Rxf7+ Kxe6 28. Rxf8 Kxd6 29. a5 Kc7 30. a6 Kb6 31. e5 Kxa6 32. e6 1-0

[Event "AUTO-ADV-4749"]
[Site "http://www.queenalice.com/game.php?id=1826204"]
[Date "2023.11.29"]
[Round "1"]
[White "NickThorp"]
[Black "OnlyJoking"]
[Result "0-1"]
[WhiteElo "1575"]
[BlackElo "1921"]

1. e4 e5 2. Nf3 Nc6 3. Bb5 a6 4. Ba4 Nf6 5. d3 d6 6. O-O b5 7. Bb3 Na5 8. Bd5
Nxd5 9. exd5 c6 10. dxc6 Nxc6 11. Bg5 Be7 12. Bxe7 Nxe7 13. Nc3 Bg4 14. h3 Bh5
15. Ne4 O-O 16. Neg5 h6 17. Ne4 Qb6 18. b4 Rac8 19. Qd2 Bxf3 20. gxf3 Nf5 21.
Ng3 Nd4 22. Qe3 Qc6 23. c4 Nc2 24. cxb5 Nxe3 25. bxc6 Nxf1 26. Kxf1 Rxc6 27. Kg2
Rfc8 28. Ne4 f5 29. Nd2 Rc1 30. Rxc1 Rxc1 31. Nc4 Ra1 32. Nxd6 Rxa2 33. Nxf5 Rb2
34. Ne7+ Kf7 35. Nd5 a5 36. bxa5 Rb5 37. Ne3 Rxa5 38. Nc4 Rc5 39. Kg3 Kf6 40.
Kg4 g6 41. h4 h5+ 42. Kg3 Rd5 43. Nb2 Rd4 44. Kh3 Kf5 45. Kg3 Rf4 46. Nc4 Ke6
47. Kg2 Rxh4 48. Kg3 g5 49. Ne3 Rd4 50. Kh3 Rxd3 51. Kg3 Kf6 52. Kh3 Rd4 53. Kg2
e4 54. fxe4 Rxe4 55. Kf3 Ke5 56. Kg3 Rb4 57. Kf3 Rf4+ 58. Kg3 Ke4 59. Ng2 Rf3+
60. Kh2 Rxf2 61. Kg3 Ra2 62. Kh3 Kf3 63. Ne1+ Ke2 64. Ng2 Kf2 65. Kh2 Kf3 66.
Kh3 g4+ 67. Kh2 g3+ 68. Kh3 Rxg2 69. Kh4 Rh2+ 0-1

[Event "AUTO-INT-3804"]
[Site "http://www.queenalice.com/game.php?id=1827712"]
[Date "2023.12.20"]
[Round "2"]
[White "juim"]
[Black "OnlyJoking"]
[Result "1-0"]
[WhiteElo "1527"]
[BlackElo "1947"]

1. e4 e5 2. d4 exd4 3. Qxd4 Nc6 4. Qd1 Nf6 5. Bd3 Be7 6. Nf3 h6 7. e5 Ng4 8. O-O
O-O 9. Nd4 Ngxe5 10. Bb5 Nxd4 11. Qxd4 d6 12. f4 Ng4 13. Nc3 Bf6 14. Qd3 Bxc3
15. Qxc3 Nf6 16. f5 c6 17. Bd3 Re8 18. Rf4 Nd5 19. Qd4 Nxf4 20. Qxf4 a6 21. Bd2
b5 22. Bc3 f6 23. Rf1 Ra7 24. h3 g5 25. fxg6 Rf8 26. Qxh6 d5 27. Bd4 Rb7 28. Rf4
Rg7 29. Rh4 1-0

[Event "AUTO-INT-3804"]
[Site "http://www.queenalice.com/game.php?id=1827713"]
[Date "2023.12.20"]
[Round "2"]
[White "OnlyJoking"]
[Black "juim"]
[Result "1-0"]
[WhiteElo "1917"]
[BlackElo "1571"]

1. d4 d5 2. c4 dxc4 3. Nf3 Bg4 4. e3 b5 5. Be2 e6 6. O-O Qe7 7. Bd2 Nc6 8. Ne5
Bxe2 9. Qxe2 Nxe5 10. dxe5 g6 11. Bc3 O-O-O 12. Rd1 Bg7 13. Rxd8+ Qxd8 14. Nd2
Ne7 15. Rd1 Nc6 16. Ne4 Qe7 17. a3 Bxe5 18. Qf3 Bxc3 19. Nxc3 Kb7 20. Nxb5 a6
21. Nd4 Qe8 22. Rc1 e5 23. Ne2 Kb6 24. Rxc4 Qe6 25. Rc3 Na5 26. Qe4 c6 27. Qc2
Rd8 28. h3 f5 29. Nc1 Rd6 30. b4 Nb7 31. Nb3 Qd7 32. Nc5 Nxc5 33. bxc5+ Kc7 34.
cxd6+ Qxd6 35. Rd3 Qe7 36. Qc4 e4 37. Rc3 Qf6 38. Qc5 h5 39. Qa7+ Kd6 40. Qb8+
Kd5 41. Qg8+ Kd6 42. Qc4 Ke7 43. Qxc6 Qh8 44. Qb7+ Kf6 45. Rc6+ Kg5 46. h4+ Kxh4
47. Qe7+ g5 48. Rg6 Qa1+ 49. Kh2 1-0

[Event "AUTO-INT-3804"]
[Site "http://www.queenalice.com/game.php?id=1827718"]
[Date "2023.12.20"]
[Round "2"]
[White "OnlyJoking"]
[Black "SGF"]
[Result "1-0"]
[WhiteElo "1931"]
[BlackElo "1666"]

1. d4 e6 2. c4 c6 3. Nf3 f6 4. e3 Qa5+ 5. Bd2 Qb6 6. Qb3 Qxb3 7. axb3 a5 8. Bd3
b6 9. O-O Bb7 10. e4 Bb4 11. Bxb4 axb4 12. Rxa8 Bxa8 13. Nbd2 Ne7 14. Ra1 Bb7
15. Ra4 b5 16. cxb5 cxb5 17. Bxb5 O-O 18. Rxb4 Nec6 19. Bxc6 Bxc6 20. h3 g5 21.
g4 Na6 22. Rc4 h6 23. Kh2 Bb5 24. Rc3 Be2 25. Nc4 Bxf3 26. Rxf3 Nb4 27. Re3 Nc2
28. Rd3 Nb4 29. Rc3 Rc8 30. f3 Na2 31. Re3 Nc1 32. Rc3 Ne2 33. Rd3 d5 34. exd5
exd5 35. Na3 Kg7 36. Rd2 Re8 37. Nb1 Nf4 38. Kg3 Re2 39. Rxe2 Nxe2+ 40. Kf2 Nxd4
41. b4 Nb5 42. Ke3 d4+ 43. Kd3 Kf7 44. Nd2 Ke6 45. Ke4 Kd6 46. Nc4+ Kc6 47. Kf5
Nd6+ 48. Nxd6 Kxd6 49. Ke4 Kc6 50. Kxd4 Kb5 51. Ke4 Kxb4 52. Kf5 Kb3 53. Kxf6
Kxb2 54. Kg6 Kc3 55. Kxh6 Kd4 56. Kxg5 Ke3 57. f4 Kf3 58. f5 Kg3 59. h4 Kf3 60.
f6 Kg3 61. f7 Kf3 62. f8=Q+ Kg3 63. Qf4+ Kh3 64. h5 Kg2 65. Kh4 Kg1 66. Kh3 Kh1
67. Qf1# 1-0

[Event "AUTO-INT-3804"]
[Site "http://www.queenalice.com/game.php?id=1827719"]
[Date "2023.12.20"]
[Round "2"]
[White "SGF"]
[Black "OnlyJoking"]
[Result "0-1"]
[WhiteElo "1681"]
[BlackElo "1925"]

1. e4 e5 2. Qf3 Qf6 3. d3 Qxf3 4. Nxf3 Nc6 5. c3 d6 6. h3 f6 7. g4 h6 8. b4 a6
9. a4 Be6 10. a5 Nge7 11. Ba3 d5 12. Nbd2 Ng6 13. exd5 Bxd5 14. Rh2 Nf4 15.
O-O-O O-O-O 16. h4 Bd6 17. c4 Bxf3 18. Nxf3 Nd4 19. Nxd4 exd4 20. Rh1 Rde8 21.
Bb2 Bxb4 22. Bxd4 Bxa5 23. f3 Rd8 24. Be3 Ne6 25. Bh3 g5 26. h5 Bc3 27. Kc2 Bd4
28. Bxd4 Nxd4+ 29. Kc3 Rhf8 30. Bg2 Rd6 31. Rhe1 Nc6 32. f4 Kd7 33. f5 Re8 34.
Rxe8 Kxe8 35. c5 Rd8 36. Bxc6+ bxc6 37. Kc4 Rd5 38. Re1+ Re5 39. Rxe5+ fxe5 40.
d4 exd4 41. Kxd4 Ke7 42. Ke5 Kd7 43. Kf6 Ke8 44. Kg6 a5 45. Kxh6 Kf7 46. Kxg5 a4
47. h6 a3 48. f6 a2 49. h7 a1=Q 50. h8=Q Qe5+ 51. Kh4 Qh2+ 52. Kg5 Qxh8 53. Kf5
Qxf6+ 54. Ke4 Qc3 55. g5 Qxc5 56. Kf4 Kg6 57. Kg4 Qf5+ 58. Kh4 Qf4+ 59. Kh3 Kxg5
60. Kg2 Kg4 61. Kg1 Kg3 62. Kh1 Qf1# 0-1

[Event "AUTO-ADV-4736"]
[Site "http://www.queenalice.com/game.php?id=1832338"]
[Date "2024.2.25"]
[Round "2"]
[White "Daniel1962"]
[Black "OnlyJoking"]
[Result "1-0"]
[WhiteElo "1706"]
[BlackElo "1916"]

1. d4 d5 2. Bf4 Nf6 3. Nf3 c5 4. c3 Nc6 5. Ne5 Nxe5 6. Bxe5 e6 7. e3 Bd6 8. Bxd6
Qxd6 9. Qa4+ Bd7 10. Bb5 Bxb5 11. Qxb5+ Qc6 12. Qxc6+ bxc6 13. dxc5 Ke7 14. Nd2
a5 15. Nf3 Nd7 16. O-O f6 17. Nd4 Rac8 18. a4 Nxc5 19. b4 axb4 20. cxb4 Ne4 21.
a5 Rc7 22. Rfc1 Nd2 23. b5 Ra8 24. b6 Rb7 25. Rxc6 Nc4 26. Rxe6+ Kf7 27. Rc6 Ke8
28. Nb5 Nxb6 29. Nc7+ Rxc7 30. Rxc7 Kf8 31. Rcc1 Nc4 32. a6 Ra7 33. Rcb1 Nd6 34.
Rb6 1-0

[Event "AUTO-ADV-4736"]
[Site "http://www.queenalice.com/game.php?id=1832339"]
[Date "2024.2.25"]
[Round "2"]
[White "OnlyJoking"]
[Black "Daniel1962"]
[Result "0-1"]
[WhiteElo "1892"]
[BlackElo "1730"]

1. d4 d5 2. c4 c6 3. Nf3 h6 4. Nc3 dxc4 5. e4 b5 6. Be3 Nf6 7. Nd2 Ng4 8. Qf3
Na6 9. h3 Nxe3 10. Qxe3 Nb4 11. O-O-O a5 12. a3 Na6 13. d5 b4 14. Na4 c3 15.
bxc3 bxa3 16. Bc4 cxd5 17. Bxd5 e6 18. Bxa8 a2 19. Kb2 Qd7 20. Qd4 Qe7 21. Nc4
Bd7 22. Nd6+ Qxd6 23. Kxa2 Qxd4 24. Rxd4 e5 25. Rd2 Bxa4 26. Bd5 Be7 27. Rb1 O-O
28. Bb3 Bc6 29. f3 Nc5 30. Bd5 Rc8 31. Bxc6 Rxc6 32. Rbd1 Ne6 33. Kb3 Nc5+ 34.
Kb2 a4 0-1

[Event "AUTO-ADV-4736"]
[Site "http://www.queenalice.com/game.php?id=1832346"]
[Date "2024.2.25"]
[Round "2"]
[White "OnlyJoking"]
[Black "Scharlatan"]
[Result "0-1"]
[WhiteElo "1833"]
[BlackElo "2091"]

1. d4 d5 2. c4 e6 3. Nc3 Be7 4. Nf3 Nf6 5. Bf4 O-O 6. e3 b6 7. Bd3 dxc4 8. Bxc4
Ba6 9. Bxa6 Nxa6 10. a3 c5 11. O-O cxd4 12. Nxd4 Rc8 13. Rc1 Nc5 14. h3 Nce4 15.
Nxe4 Nxe4 16. Qd3 Nc5 17. Qc3 Qd5 18. Ne2 Bf6 19. Qc4 Qxc4 20. Rxc4 Bxb2 21. Bd6
Bxa3 22. Bxf8 Kxf8 23. Rd1 Ke7 24. Nf4 Rd8 25. Rxd8 Kxd8 26. f3 Bb2 27. Kf1 Ke7
28. Ke2 a5 29. Nd3 Nxd3 30. Kxd3 Ba3 31. Kc3 Bc5 32. e4 Kd6 33. Kd3 Kc6 34. Ra4
Kb5 35. Ra1 a4 36. Rb1+ Bb4 37. g4 a3 38. Kc2 Kc4 39. Ra1 b5 40. Ra2 Bc5 41. Kd2
b4 0-1

[Event "AUTO-ADV-4736"]
[Site "http://www.queenalice.com/game.php?id=1832347"]
[Date "2024.2.25"]
[Round "2"]
[White "Scharlatan"]
[Black "OnlyJoking"]
[Result "0-1"]
[WhiteElo "2097"]
[BlackElo "1827"]

1. e4 e5 2. Nf3 d6 3. Bc4 Be7 4. d4 exd4 5. c3 dxc3 6. Nxc3 Nf6 7. O-O h6 8. Qe2
Nc6 9. Rd1 Bg4 10. h3 Bh5 11. g4 Bg6 12. Nd4 Nxd4 13. Rxd4 O-O 14. e5 Nh7 15. e6
fxe6 16. Bxe6+ Bf7 17. Re4 Nf6 18. Rf4 Nh7 19. Bd2 Ng5 20. Bxf7+ Rxf7 21. Rxf7
Nxf7 22. Nd5 Ne5 23. Nxe7+ Qxe7 24. f4 Ng6 25. Qc4+ Kh7 26. Re1 Qd7 27. Qe4 c6
28. f5 Ne5 29. f6+ Kg8 30. fxg7 Qxg7 31. Qf4 Rf8 32. Bc3 Rxf4 0-1

[Event "AUTO-ADV-4732"]
[Site "http://www.queenalice.com/game.php?id=1837039"]
[Date "2024.5.18"]
[Round "2"]
[White "princesher"]
[Black "OnlyJoking"]
[Result "1-0"]
[WhiteElo "2034"]
[BlackElo "1816"]

1. e4 c5 2. c4 d6 3. d3 e5 4. Be2 Nc6 5. Bd2 Nf6 6. h3 Be6 7. Bg5 Be7 8. Bxf6
Bxf6 9. a3 a5 10. Nf3 b6 11. Nc3 O-O 12. Na2 Qe7 13. Nc3 Na7 14. a4 Nc6 15. Na2
Bg5 16. b3 Nb4 17. Nxb4 axb4 18. h4 Bh6 19. Ra2 Bd7 20. Ng1 f5 21. g4 fxg4 22.
Bxg4 Bxg4 23. Qxg4 Rf4 24. Qg3 Qf7 25. f3 Rf6 26. Rg2 Ra7 27. Ke2 Qe8 28. Nh3
Rg6 29. Qf2 Rxg2 30. Qxg2 Rf7 31. Rg1 Rf6 32. Ng5 Bxg5 33. hxg5 Re6 34. Qh3 g6
35. Rh1 Qf7 36. Qg4 Qe7 37. Ra1 1-0

[Event "AUTO-ADV-4732"]
[Site "http://www.queenalice.com/game.php?id=1837040"]
[Date "2024.5.18"]
[Round "2"]
[White "OnlyJoking"]
[Black "princesher"]
[Result "0-1"]
[WhiteElo "1825"]
[BlackElo "1992"]

1. d4 d5 2. c4 dxc4 3. Bg5 Be6 4. Nc3 h6 5. Bh4 c6 6. e3 b5 7. Ne4 g5 8. Nxg5
hxg5 9. Bxg5 f6 10. Bf4 Nd7 11. Qc2 Qa5+ 12. Qd2 Qxd2+ 13. Kxd2 Bh6 14. Bc7 f5
15. f4 Ngf6 16. Be2 Ne4+ 17. Ke1 O-O 18. Ba5 a6 19. Nf3 c5 20. dxc5 Nexc5 21.
Rd1 Na4 22. Bc3 Nxc3 23. bxc3 Nf6 24. Ne5 Rad8 25. Kf2 Ne4+ 0-1

[Event "AUTO-ADV-4732"]
[Site "http://www.queenalice.com/game.php?id=1837041"]
[Date "2024.5.18"]
[Round "2"]
[White "Capixabba789"]
[Black "OnlyJoking"]
[Result "1-0"]
[WhiteElo "1872"]
[BlackElo "1840"]

1. d4 Nf6 2. Nc3 d5 3. f4 Nc6 4. Nf3 Bf5 5. a3 e6 6. e3 a6 7. Be2 Bd6 8. O-O Ne7
9. Ne5 Ne4 10. Nxe4 Bxe4 11. c3 c6 12. Bf3 f5 13. Bxe4 dxe4 14. Bd2 Ng6 15. Qh5
Bxe5 16. fxe5 O-O 17. Be1 Qe8 18. Bg3 Qe7 19. Rf2 Rf7 20. b4 b5 21. a4 Qc7 22.
a5 Rc8 23. Rd1 Rd8 24. Qe2 Qe7 25. Kh1 Qb7 26. Rff1 Ne7 27. Bh4 Rd7 28. Qf2 Ng6
29. Bg3 Rf8 30. Qe2 Rdf7 31. Rf2 f4 32. exf4 Nxf4 33. Qxe4 Nd5 34. Rxf7 Rxf7 35.
Qd3 Rf5 36. Bh4 Qf7 37. h3 Nxc3 38. Qxc3 Rf1+ 39. Rxf1 Qxf1+ 40. Kh2 Qf4+ 41.
Bg3 Qe4 42. Qc5 h6 43. Qb6 Kh7 44. Qxa6 1-0

[Event "AUTO-ADV-4732"]
[Site "http://www.queenalice.com/game.php?id=1837042"]
[Date "2024.5.18"]
[Round "2"]
[White "OnlyJoking"]
[Black "Capixabba789"]
[Result "0-1"]
[WhiteElo "1854"]
[BlackElo "1904"]

1. d4 d5 2. c4 Nf6 3. Bg5 dxc4 4. e3 e6 5. Nf3 Be7 6. Bxf6 Bxf6 7. Nc3 O-O 8.
Bxc4 c6 9. a4 Nd7 10. Qc2 Re8 11. O-O Nf8 12. Rad1 Ng6 13. Bd3 b6 14. Ne4 Be7
15. Ne5 Nxe5 16. dxe5 Qc7 17. f4 Bb7 18. Ng3 g6 19. Ne4 c5 20. Bc4 Red8 21. Rd3
Re8 22. Rd2 Qc6 23. Bb5 Qxe4 24. Qxe4 Bxe4 25. Bxe8 Rxe8 26. Rfd1 c4 27. g3 Bd3
28. Kf2 Bb4 0-1

[Event "Let's Play Chess!"]
[Site "http://www.queenalice.com/game.php?id=1839421"]
[Date "2024.6.30"]
[Round "-"]
[White "Charles56"]
[Black "OnlyJoking"]
[Result "0-1"]
[WhiteElo "1718"]
[BlackElo "1830"]

1. d4 c6 2. e4 d5 3. e5 Bf5 4. a3 f6 5. exf6 exf6 6. Bd3 Bxd3 7. Qxd3 Qe7+ 8.
Be3 Qe6 9. Nf3 Bd6 10. Nc3 Ne7 11. O-O-O Nd7 12. h3 b5 13. b4 a5 14. Nb1 axb4
15. axb4 Bxb4 16. Qb3 Bd6 17. c3 Nb6 18. Rd2 O-O 19. Ra2 Rxa2 20. Qxa2 Ra8 21.
Qb2 Nc4 22. Qc2 Ra1 23. Nd2 Nxd2 24. Kxd2 Qc8 25. Rc1 Qa8 26. Kd3 Nf5 27. g4
Nxe3 28. fxe3 b4 29. cxb4 Qa6+ 30. Kc3 Qc4+ 31. Kd2 Ra2 32. Nc3 Rxc2+ 33. Rxc2
Bxb4 34. h4 Qf1 35. h5 Qg2+ 36. Kd3 Qxg4 37. Ne2 Qe4# 0-1

[Event "Let's Play Chess!"]
[Site "http://www.queenalice.com/game.php?id=1839424"]
[Date "2024.6.30"]
[Round "-"]
[White "OnlyJoking"]
[Black "Charles56"]
[Result "1-0"]
[WhiteElo "1842"]
[BlackElo "1701"]

1. d4 d5 2. c4 dxc4 3. Nf3 b5 4. b3 cxb3 5. axb3 a5 6. e3 b4 7. Bc4 e6 8. O-O
Nc6 9. Qe2 Bd6 10. Bb2 Nf6 11. Ne5 Bb7 12. Rd1 O-O 13. Nd2 Qc8 14. Bb5 Ne7 15.
Ndc4 Bxe5 16. Nxe5 c6 17. Ba4 Ned5 18. Rac1 Ra6 19. Rc5 Ne4 20. Rdc1 Nxc5 21.
Rxc5 Nc3 22. Bxc3 bxc3 23. Rxc3 f6 24. Nc4 c5 25. Bb5 Ra7 26. Nb6 Qc7 27. Nc4
Ba6 28. Ba4 Rb7 29. Qc2 cxd4 30. exd4 Bxc4 31. Rxc4 Qd6 32. Rc6 Qxd4 33. g3 Qe5
34. Rc5 Qa1+ 35. Kg2 Ra7 36. Qc4 Qe1 37. Rc6 Kf7 38. h4 Rd8 39. h5 g6 40. h6 Qe5
41. Rc8 Rxc8 42. Qxc8 Rc7 43. Qe8# 1-0